| 000 | 00898nac a22002897a 4500 | ||
|---|---|---|---|
| 001 | BR6001763 | ||
| 003 | BR-BrBNA | ||
| 005 | 20240105113016.0 | ||
| 008 | 230509b bl.|||m| |||| 00| 0 por d | ||
| 040 |
_aBR-BrBNA _bpor _cBiblioteca Nacional de Agricultura |
||
| 072 | _aF00; E15; E70 | ||
| 090 | _a1112 BR6001763 | ||
| 110 | 1 |
_aFundacao para o Desenvolvimento Industrial do Nordeste, Recife, PE (Brasil) _95017 |
|
| 245 | 1 | _aBanana. Producao, custos, precos, variedades | |
| 260 | 3 |
_aRecife, PE (Brasil): _c1967. |
|
| 300 | _a10 p. | ||
| 490 |
_aPublicacao Avulsa - Fundacao para o Desenvolvimento Industrial do Nordeste (Brazil) _vno. 20 _x |
||
| 500 | _a7 ref. | ||
| 650 | _aBANANA | ||
| 650 | _aPRECO | ||
| 650 | _aVARIEDADE | ||
| 650 | _aTRANSPORTE | ||
| 650 | _aCUSTO | ||
| 650 | _aPRODUTIVIDADE | ||
| 909 |
_a202312 _bLúcia Elande _c55 _dLúcia Elande |
||
| 942 |
_2AGRIS _n0 _cMS |
||
| 999 |
_c261391 _d261391 |
||